[Event "CAN-ch U18"]
[Site "Quebec"]
[Date "2018.07.03"]
[Round "4.5"]
[White "Horner, Blake"]
[Black "Everitt, David"]
[Result "1-0"]
[WhiteElo "1318"]
[BlackElo "1101"]
[PlyCount "93"]
[EventDate "2018.07.02"]
[EventType "swiss"]
[EventRounds "7"]
[EventCountry "CAN"]
[SourceTitle "EXT 2022"]
[Source "ChessBase"]
[SourceDate "2021.10.06"]
[SourceVersion "1"]
[SourceVersionDate "2021.10.06"]
[SourceQuality "1"]

1. e4 e6 2. d4 d5 3. exd5 exd5 4. c4 Nf6 5. Nc3 Bb4 6. a3 Bxc3+ 7. bxc3 Be6 8. cxd5 Nxd5 9. Qc2 0-0 10. Bd3 Nf6 11. Bg5 Re8 12. Ne2 Nbd7 13. 0-0 g6 14. Nf4 Kg7 15. d5 Bf5 16. Bxf5 gxf5 17. Qxf5 Re5 18. Bxf6+ Qxf6 19. Nh5+ Kh6 20. Qxf6+ Nxf6 21. Nxf6 Kg6 22. Ng4 Rg5 23. Ne3 f5 24. Rfd1 Rd8 25. f4 Rh5 26. Rab1 b6 27. Nc4 Kg7 28. Ne5 a5 29. Nc6 Rd7 30. c4 Rh6 31. Re1 Kf8 32. Re5 Rf6 33. Rbe1 Kg7 34. Ne7 Kf7 35. Nxf5 c6 36. g4 h6 37. d6 Kg6 38. Nh4+ Kf7 39. Re7+ Rxe7 40. Rxe7+ Kf8 41. Nf5 Rxd6 42. Nxd6 Kxe7 43. Nc8+ Kf6 44. Nxb6 Kg6 45. Kf2 h5 46. h3 c5 47. Nd7 1-0

[Event "CAN-ch U16"]
[Site "Sault Ste Marie"]
[Date "2017.07.09"]
[Round "6.19"]
[White "Horner, Blake"]
[Black "Saine, Zachary"]
[Result "1/2-1/2"]
[WhiteElo "1161"]
[BlackElo "1966"]
[PlyCount "92"]
[EventDate "2017.07.06"]
[EventType "swiss"]
[EventRounds "7"]
[EventCountry "CAN"]
[SourceTitle "EXT 2022"]
[Source "ChessBase"]
[SourceDate "2021.10.06"]
[SourceVersion "1"]
[SourceVersionDate "2021.10.06"]
[SourceQuality "1"]

1. d4 d5 2. c4 e6 3. Nc3 c6 4. e4 dxe4 5. Nxe4 Bb4+ 6. Bd2 Qxd4 7. Bxb4 Qxe4+ 8. Qe2 Qxe2+ 9. Bxe2 Na6 10. Ba3 c5 11. Nf3 Ne7 12. Rd1 f6 13. 0-0 Kf7 14. Nd2 b6 15. Ne4 Nf5 16. Bf3 Rb8 17. Nd6+ Nxd6 18. Rxd6 Ke7 19. Rfd1 Nb4 20. Bxb4 cxb4 21. Rc6 Rb7 22. Rxc8 Rxc8 23. Bxb7 Rxc4 24. b3 Rc2 25. Ra1 Rb2 26. Bc6 Kd6 27. Bf3 Ke5 28. g3 Kd4 29. Kf1 Kd3 30. Ke1 Rc2 31. a4 Rc5 32. Ra2 Kc3 33. Bd1 Rd5 34. Rc2+ Kxb3 35. Rc7+ Ka2 36. Rxa7 b3 37. Bxb3+ Kxb3 38. Rxg7 Rh5 39. Rb7 Kxa4 40. Rxb6 Re5+ 41. Kd2 Ka5 42. Rb7 h5 43. Rf7 Rf5 44. Ke3 Kb5 45. Ke2 Kc6 46. f4 Kd6 1/2-1/2

[Event "CAN-ch U16"]
[Site "Sault Ste Marie"]
[Date "2017.07.08"]
[Round "5.21"]
[White "Butchart, Brian"]
[Black "Horner, Blake"]
[Result "0-1"]
[WhiteElo "1248"]
[BlackElo "1161"]
[PlyCount "70"]
[EventDate "2017.07.06"]
[EventType "swiss"]
[EventRounds "7"]
[EventCountry "CAN"]
[SourceTitle "EXT 2022"]
[Source "ChessBase"]
[SourceDate "2021.10.06"]
[SourceVersion "1"]
[SourceVersionDate "2021.10.06"]
[SourceQuality "1"]

1. e4 c5 2. Nc3 d6 3. g3 Nf6 4. Bg2 g6 5. d3 Bg7 6. Nge2 Nc6 7. 0-0 Bg4 8. h3 Bd7 9. Be3 0-0 10. Qd2 Qc8 11. Kh2 e5 12. f4 Re8 13. g4 Nd4 14. f5 Rf8 15. fxg6 fxg6 16. Rf2 Bxg4 17. hxg4 Nxg4+ 18. Kg1 Nxe3 19. Nxd4 cxd4 20. Rc1 Nxg2 21. Nd5 Qh3 22. Rxf8+ Rxf8 23. Qxg2 Qxg2+ 24. Kxg2 Bh6 25. Rh1 Kg7 26. Nc7 Rc8 27. Ne6+ Kf7 28. Rxh6 Kxe6 29. Rxh7 Rxc2+ 30. Kf3 Rxb2 31. Rg7 Rd2 32. Rxg6+ Kd7 33. a4 Rxd3+ 34. Kf2 Ra3 35. Rg8 Rxa4 0-1

[Event "CAN-ch U16"]
[Site "Sault Ste Marie"]
[Date "2017.07.07"]
[Round "4.18"]
[White "Horner, Blake"]
[Black "Wu, Chenxi"]
[Result "0-1"]
[WhiteElo "1161"]
[BlackElo "1904"]
[PlyCount "60"]
[EventDate "2017.07.06"]
[EventType "swiss"]
[EventRounds "7"]
[EventCountry "CAN"]
[SourceTitle "EXT 2022"]
[Source "ChessBase"]
[SourceDate "2021.10.06"]
[SourceVersion "1"]
[SourceVersionDate "2021.10.06"]
[SourceQuality "1"]

1. e4 c5 2. Nf3 d6 3. d4 cxd4 4. Nxd4 Nf6 5. Nc3 g6 6. Be3 Bg7 7. Bc4 Nc6 8. Nxc6 bxc6 9. Qd2 0-0 10. Bh6 Bb7 11. Bxg7 Kxg7 12. 0-0-0 Qc7 13. h4 h5 14. f4 d5 15. Bd3 d4 16. e5 dxc3 17. exf6+ exf6 18. Qxc3 Qxf4+ 19. Kb1 Qe5 20. Qd2 c5 21. Rhf1 Rab8 22. Rde1 Qd4 23. c3 Qxh4 24. Re7 Rfe8 25. g3 Qxg3 26. Rxf7+ Kxf7 27. Bc4+ Kg7 28. Qd7+ Kh6 29. Rxf6 Be4+ 30. Bd3 Bxd3+ 0-1